000 00864nam a22001937a 4500
005 20240517105216.0
010 _aHIN-118377
020 _c495.00
_a978-81-8166-571-3
035 _aHN-90723
037 _bDBAD/PUB
082 _a821
100 _aजैन, प्रभाकिरण
_966289
245 _aपरमवीर परवाने 1
_bपरमवीर चक्र विजेताओं की शौर्य गाथाएँ /
_cप्रभा किरण जैन
246 _aParanveer Parvane /
260 _aदिल्ली
_bमेधा बुक्स
_c2018
270 _aएक्स-11, नवीन शाहदरा
_bदिल्ली
_e110032
_k9891022477
_mmedhabooks@gmail.com
300 _a91पृ.
_c23सेमी (सजिल्द)
_bसचित्र
942 _2ddc
_cHN
_h821
_mजैन
999 _c173382
_d173382